|
|
|
|
| LEADER |
00000nab a2200000 a 4500 |
| 001 |
vtls008852537 |
| 003 |
SK-MaSNL |
| 005 |
20260304214814.0 |
| 008 |
141112c2006 xo mr|p||| |000 b|slo |
| 015 |
|
|
|a SNBRB2006/10
|
| 038 |
|
|
|a SPK
|
| 040 |
|
|
|a SPKCL
|b slo
|c AACR2
|e AACR2
|
| 041 |
0 |
|
|a slo
|
| 044 |
|
|
|a xo
|c SK
|
| 080 |
|
|
|a 616.34-008-053.2
|2 1997
|
| 100 |
1 |
|
|a Čurillová, Jana
|4 aut
|9 1116064
|
| 245 |
1 |
0 |
|a Keď deti trápi chronická hnačka
|c Jana Čurillová
|
| 300 |
|
|
|b Fotogr.
|
| 650 |
0 |
7 |
|a chronické choroby
|2 snkbucl
|9 84667
|
| 650 |
0 |
7 |
|a hnačka
|2 snkbucl
|9 16274
|
| 650 |
0 |
7 |
|a deti
|2 snkbucl
|9 773
|
| 650 |
0 |
7 |
|a laktóza
|2 snkbucl
|9 22111
|
| 650 |
0 |
7 |
|a meteorizmus
|2 snkbucl
|9 86935
|
| 650 |
0 |
7 |
|a zápal
|2 snkbucl
|9 2621
|
| 650 |
0 |
7 |
|a terapia
|2 snkbucl
|9 781
|
| 773 |
0 |
|
|t Dieťa nielen pre rodičov
|g Roč. XII, č. 10 (2006), s. 36
|x 1335-0919
|
| 852 |
|
|
|a SPK
|b KIS3GCP
|
| 856 |
4 |
1 |
|a www.dieta.sk
|
| 958 |
|
|
|a ME
|2 snkbucl
|
| 999 |
|
|
|c 3143349
|d 3145279
|